Documentos para la historia económica en la época colonial: viajes e informes
Saved in:
| Hovedforfatter: | |
|---|---|
| Format: | Bog |
| Sprog: | spansk |
| Udgivet: |
Caracas
Fuentes para la Historia Colonial de Venezuela
1970
|
| Serier: | Biblioteca de la Academia Nacional de la Historia, 93
|
| Fag: | |
| Tags: |
Tilføj Tag
Ingen Tags, Vær først til at tagge denne postø!
|
MARC
| LEADER | 00000nam a2200000 a 4500 | ||
|---|---|---|---|
| 001 | UCS9665 | ||
| 003 | CL-VaPUC | ||
| 008 | 971121e19700000VE |||||||||||||||||spa|d | ||
| 082 | 0 | 4 | |a 987.03 |b ARE |2 21 |
| 100 | 0 | |a Arellano Moreno, Antonio |e author |9 394929 | |
| 245 | 1 | 0 | |a Documentos para la historia económica en la época colonial: viajes e informes |
| 300 | |a 552 p | ||
| 942 | |c BK | ||
| 945 | |d 19971121 00:00:00 |a cmena | ||
| 260 | |a Caracas |b Fuentes para la Historia Colonial de Venezuela |c 1970 | ||
| 650 | 0 | |a Historia venezolana |9 393448 | |
| 650 | 0 | |a Epoca colonial |9 352022 | |
| 650 | 0 | |a Desarrollo económico y social |9 256320 | |
| 650 | 0 | |a Misioneros |9 324171 | |
| 650 | 0 | |a Tribus |9 353059 | |
| 650 | 7 | |a EVANGELIZACION |2 CL-VaPUC |9 394930 | |
| 650 | 0 | |a Agricultura |9 255598 | |
| 650 | 0 | |a Aspectos económicos |9 255165 | |
| 650 | 0 | |a Geografía venezolana |9 394339 | |
| 650 | 0 | |a Fuerzas Armadas |9 255504 | |
| 650 | 0 | |a Salarios |9 255321 | |
| 650 | 7 | |a ECONOMIA DEL TRABAJO |2 CL-VaPUC |9 320317 | |
| 650 | 7 | |a POLITICA SALARIAL |2 CL-VaPUC |9 347107 | |
| 651 | 0 | |a Venezuela |9 254993 | |
| 583 | |a last modification |c 19971121 00:00:00 |k Rodrigo Vera | ||
| 490 | 0 | |a Biblioteca de la Academia Nacional de la Historia, 93 | |
| 999 | |c 263426 |d 263424 | ||
| 952 | |0 0 |1 0 |4 0 |6 987_030000000000000_ARE_1970 |7 0 |8 DER_HDC |9 292747 |a BIBDER |b BIBDER |d 2019-11-19 |i 1904485 |l 1 |o 987.03 ARE 1970 |p 1904485 |r 2023-01-25 |s 2020-03-16 |w 2019-11-19 |x Ubicación 4to Piso |y BK |z Estos recursos deben solicitarse con anticipación |k DER | ||